FC Bayern München Squad 2015-2016 - Statistics

General Stats
  • This quiz has been taken 49 times
  • The average score is 21 of 29
Answer Stats
# Position Nation Player % Correct
10 FW Netherlands Arjen Robben
100%
1 GK Germany Manuel Neuer
100%
9 FW Poland Robert Lewandowski
100%
27 DF Austria David Alaba
98%
7 FW France Franck Ribéry
98%
17 DF Germany Jérôme Boateng
98%
23 MF Chile Arturo Vidal
95%
29 FW France Kingsley Coman
93%
11 FW Brazil Douglas Costa
90%
21 DF Germany Philipp Lahm
90%
6 MF Spain Thiago
90%
8 DF Spain Javi Martínez
88%
- Coach Spain Pep Guardiola
88%
25 FW Germany Thomas Müller
85%
5 DF Morocco Medhi Benatia
80%
13 DF Brazil Rafinha
80%
14 MF Spain Xabi Alonso
80%
32 MF Germany Joshua Kimmich
78%
26 GK Germany Sven Ulreich
78%
18 DF Spain Juan Bernat
65%
19 MF Germany Mario Götze
60%
37 FW United States Julian Green
48%
28 DF Germany Holger Badstuber
43%
22 GK Germany Tom Starke
43%
4 DF Germany Serdar Taşçı
40%
20 MF Germany Sebastian Rode
33%
16 MF Germany Gianluca Gaudino
25%
15 MF Germany Jan Kirchhoff
18%
33 GK Austria Ivan Lučić
10%
No matching quizzes found
Score Distribution
Percent of People with Each Score
Percentile by Number Answered
Your Score History
You have not taken this quiz